<?xml version="1.0" encoding="UTF-8"?>
<marc:record xmlns:marc="http://www.loc.gov/MARC21/slim">
   <marc:leader>00000nam a2200000 a 4500</marc:leader>
   <marc:datafield ind1="1" ind2=" " tag="100">
      <marc:subfield code="a">Schubert, Helga</marc:subfield>
      <marc:subfield code="4">aut</marc:subfield>
      <marc:subfield code="e">Verfasser/-in</marc:subfield>
   </marc:datafield>
   <marc:datafield ind1="0" ind2="0" tag="245">
      <marc:subfield code="a">Lauter Leben</marc:subfield>
   </marc:datafield>
   <marc:datafield ind1="0" ind2="0" tag="245">
      <marc:subfield code="b">Geschichten</marc:subfield>
   </marc:datafield>
   <marc:datafield ind1="0" ind2="0" tag="245">
      <marc:subfield code="c">Helga Schubert</marc:subfield>
   </marc:datafield>
   <marc:datafield ind1=" " ind2="1" tag="264">
      <marc:subfield code="b">Aufbau-Verl.</marc:subfield>
      <marc:subfield code="c">1986</marc:subfield>
   </marc:datafield>
   <marc:datafield ind1=" " ind2=" " tag="250">
      <marc:subfield code="a">5. Aufl.</marc:subfield>
   </marc:datafield>
   <marc:datafield ind1="1" ind2=" " tag="520">
      <marc:subfield code="a">1975, Ostberlin: Helga Schubert war 35 Jahre alt und noch als Psychologin tätig, als sie diesen ersten Erzählungsband mit 31 Texten veröffentlichte. Es sind Geschichten vor allem von Frauen, von alleinstehenden Freundinnen, ihrer Liebe und ihren Sehnsüchten, melancholisch und manchmal bitter. Die Dichterin Sarah Kirsch schreibt in ihrem Nachwort: &#x93;Und sie ermuntert uns: eher lassen wir uns vom Donner erschmeißen, bevor wir uns mit Verhältnissen begnügen, die nicht menschlich sind.&#x93;</marc:subfield>
   </marc:datafield>
   <marc:datafield ind1=" " ind2=" " tag="300">
      <marc:subfield code="a">S. 162</marc:subfield>
   </marc:datafield>
</marc:record>
